Cristo y el Dios de los cristianos: hacia una comprensión actual de la teología
Uloženo v:
| Hlavní autor: | |
|---|---|
| Médium: | Kniha |
| Jazyk: | španělština |
| Vydáno: |
Pamplona
Universidad de Navarra
1998
|
| Edice: | Simposios Internacionales de Teología de la Universidad de Navarra
18 |
| Témata: | |
| Tagy: |
Přidat tag
Žádné tagy, Buďte první, kdo vytvoří štítek k tomuto záznamu!
|
MARC
| LEADER | 00000nam a2200000 a 4500 | ||
|---|---|---|---|
| 001 | UCO8870 | ||
| 003 | CL-VaPUC | ||
| 005 | 20220906074330.0 | ||
| 008 | 010105e19980000sp 1 spa d | ||
| 999 | |c 383626 |d 383624 | ||
| 040 | |c Pontificia Universidad Católica de Valparaíso | ||
| 082 | 0 | 4 | |a 231 |b MOR |2 21 |
| 100 | |a Morales Marín, José |e autor |9 467392 | ||
| 245 | 1 | 0 | |a Cristo y el Dios de los cristianos: hacia una comprensión actual de la teología |
| 260 | |a Pamplona |b Universidad de Navarra |c 1998 | ||
| 300 | |a 651 p | ||
| 490 | 0 | |a Simposios Internacionales de Teología de la Universidad de Navarra |v 18 | |
| 518 | |p Simposio Internacional de teología, 18 | ||
| 536 | |a Universidad de Navarra | ||
| 546 | |a En Español | ||
| 583 | |a last modification |c 20010105 00:00:00 |k Rodrigo Vera | ||
| 650 | 0 | 0 | |a Creencia Religiosa |9 316904 |
| 650 | 0 | 0 | |a Dios |9 266622 |
| 650 | 0 | 0 | |a Teología |9 258766 |
| 942 | |c BK |2 ddc | ||
| 945 | |a vberengu |d 20010105 00:00:00 | ||
| 952 | |0 0 |1 0 |4 0 |6 231_000000000000000_MOR_1998 |7 0 |8 A |9 505813 |a BIBTEO |b BIBTEO |d 2020-01-23 |i 3667677 |o 231 MOR 1998 |p 3667677 |r 2025-01-17 |w 2020-01-23 |y BK |k ICR | ||